Detalles MARC
| 000 -CABECERA |
| campo de control de longitud fija |
01722nam a2200253 i 4500 |
| 003 - IDENTIFICADOR DEL NÚMERO DE CONTROL |
| campo de control |
DO-SdBNP |
| 005 - FECHA Y HORA DE LA ÚLTIMA TRANSACCIÓN |
| campo de control |
20240703090448.0 |
| 007 - CAMPO FIJO DE DESCRIPCIÓN FÍSICA--INFORMACIÓN GENERAL |
| campo de control de longitud fija |
ta |
| 008 - DATOS DE LONGITUD FIJA--INFORMACIÓN GENERAL |
| campo de control de longitud fija |
240701e2004 dr ||||| |||| 00| 0 spa d |
| 020 ## - NÚMERO INTERNACIONAL ESTÁNDAR DEL LIBRO |
| Número Internacional Estándar del Libro |
996894243X |
| 040 ## - FUENTE DE LA CATALOGACIÓN |
| Centro catalogador/agencia de origen |
DO-SdBNP |
| Lengua de catalogación |
spa |
| Centro/agencia transcriptor |
BNPHU |
| Normas de descripción |
rda |
| 082 #4 - NÚMERO DE LA CLASIFICACIÓN DECIMAL DEWEY |
| Número de edición |
22 |
| Número de documento/Ítem |
F954p |
| 100 1# - ENTRADA PRINCIPAL--NOMBRE DE PERSONA |
| Nombre de persona |
Fuenmayor Espina, Alejandro |
| Término indicativo de función/relación |
autor |
| 9 (RLIN) |
85927 |
| 245 10 - MENCIÓN DE TÍTULO |
| Título |
Las garantías y procedimientos internacionales del derecho a la información en el pacto de San José: |
| Resto del título |
análisis jurídico y político de los artículos 13º y 14º de la convención americana sobre derechos humanos / |
| Mención de responsabilidad, etc. |
Alejandro Fuenmayor Espina; prólogo, Alejandro Alfonso |
| 264 #1 - PRODUCCIÓN, PUBLICACIÓN, DISTRIBUCIÓN, FABRICACIÓN Y COPYRIGHT |
| Producción, publicación, distribución, fabricación y copyright |
San José, Costa Rica : |
| Nombre del de productor, editor, distribuidor, fabricante |
Unesco, |
| Fecha de producción, publicación, distribución, fabricación o copyright |
2004 |
| 300 ## - DESCRIPCIÓN FÍSICA |
| Extensión |
72 páginas ; |
| Dimensiones |
21 cm. |
| 336 ## - TIPO DE CONTENIDO |
| Fuente |
rdacontent |
| Término de tipo de contenido |
texto |
| Código de tipo de contenido |
txt |
| 337 ## - TIPO DE MEDIO |
| Fuente |
rdamedia |
| Nombre/término del tipo de medio |
sin mediación |
| Código del tipo de medio |
n |
| 338 ## - TIPO DE SOPORTE |
| Fuente |
rdacarrier |
| Nombre/término del tipo de soporte |
volumen |
| Código del tipo de soporte |
nc |
| 505 ## - NOTA DE CONTENIDO CON FORMATO |
| Nota de contenido con formato |
I. Prólogo. |
| Título |
II. Introducción.-- |
| -- |
III. Vínculo Jurídico entre el Pacto y los países latinoamericanos miembros que le han reconocido competencia a la corte o a la comisión.-- |
| -- |
IV. Rango constitucional y de aplicación preferente del pacto en el derecho interno de algunos países miembros.-- |
| -- |
V. Análisis jurídico de los Artículos 13º y 14º.-- |
| -- |
VI. Los órganos de protección internacional de la Convención Americana sobre Derechos Humanos.-- |
| -- |
VII. La Comisión Interamericana de Derechos Humanos.-- |
| -- |
VIII. La Corte Interamericana de Derechos Humanos.-- |
| -- |
IX. Conclusiones.-- |
| -- |
X. Anexos: I. Declaración de Principios sobre Libertad de Expresión. II. Síntesis sobre la Jurisprudencia Interamericana en Materia de Libertad de Expresión.-- |
| 590 ## - NOTA LOCAL (RLIN) |
| Nota local |
Inventariado 2024 / MF |
| 700 1# - PUNTO DE ACCESO ADICIONAL--NOMBRE DE PERSONA |
| Nombre de persona |
Alfonso, Alejandro, |
| Término indicativo de función/relación |
prólogo |
| 9 (RLIN) |
85935 |
| 942 ## - ELEMENTOS DE PUNTO DE ACCESO ADICIONAL (KOHA) |
| Fuente del sistema de clasificación o colocación |
Dewey Decimal Classification |
| Tipo de ítem Koha |
Libro |